| 000 | 00450nam a22001817a 4500 | ||
|---|---|---|---|
| 003 | NUST - PNEC | ||
| 005 | 20170116180951.0 | ||
| 008 | 150907b xxu||||| |||| 00| 0 eng d | ||
| 020 | _a0070650357 | ||
| 040 | _cLIBRARY | ||
| 082 | _a621.3815 TOK | ||
| 100 |
_96019 _aTokheim, Roger L. |
||
| 245 |
_aDigital electronics _cRoger L. Tokheim |
||
| 250 | _a3rd ed. | ||
| 260 | _cc.1990 | ||
| 650 |
_96100 _aDigital electronics _xME |
||
| 942 |
_2ddc _cBK |
||
| 999 |
_c66413 _d66413 |
||